Nutrición óptima para la mente del niño / (Registro nro. 40791)
[ vista simple ]
| 000 -LEADER | |
|---|---|
| fixed length control field | 01412cam a2200361 i 4500 |
| 001 - CONTROL NUMBER | |
| control field | 40791 |
| 003 - CONTROL NUMBER IDENTIFIER | |
| control field | Mx-PuUPA |
| 005 - DATE AND TIME OF LATEST TRANSACTION | |
| control field | 20240410103817.0 |
| 008 - FIXED-LENGTH DATA ELEMENTS--GENERAL INFORMATION | |
| fixed length control field | 140415s2008 sp a gr 000 0 spa d |
| 017 ## - COPYRIGHT OR LEGAL DEPOSIT NUMBER | |
| Copyright or legal deposit number | B-23.965-2008 |
| 020 ## - INTERNATIONAL STANDARD BOOK NUMBER | |
| International Standard Book Number | 9788479279370 |
| 040 ## - CATALOGING SOURCE | |
| Original cataloging agency | Mx-PuUPA |
| Language of cataloging | spa |
| Transcribing agency | Mx-PuUPA |
| Modifying agency | Mx-PuUPA |
| Description conventions | rda |
| 041 1# - LANGUAGE CODE | |
| Language code of text/sound track or separate title | spa |
| Language code of original | eng |
| 100 1# - MAIN ENTRY--PERSONAL NAME | |
| 9 (RLIN) | 13645 |
| Personal name | Holford, Patrick, |
| Dates associated with a name | 1958- |
| Relator term | autor |
| 240 10 - UNIFORM TITLE | |
| Uniform title | Optimum nutrition for your child's mind. |
| Language of a work | Español |
| 245 10 - TITLE STATEMENT | |
| Title | Nutrición óptima para la mente del niño / |
| Statement of responsibility, etc. | Patrick Holford y Deborah Colson ; traducción de Francesc Navarro |
| 264 #1 - PRODUCTION, PUBLICATION, DISTRIBUTION, MANUFACTURE, AND COPYRIGHT NOTICE | |
| Place of production, publication, distribution, manufacture | Barcelona : |
| Name of producer, publisher, distributor, manufacturer | Ediciones Robinbook, |
| Date of production, publication, distribution, manufacture, or copyright notice | ©2008 |
| 300 ## - PHYSICAL DESCRIPTION | |
| Extent | 318 páginas : |
| Accompanying material | ilustraciones, tablas ; |
| Dimensions | 22 cm |
| 336 ## - CONTENT TYPE | |
| Fuente | rdacontent |
| Content type term | texto |
| Content type code | txt |
| 337 ## - MEDIA TYPE | |
| Source | rdamedia |
| Media type term | sin medio |
| Media type code | n |
| 338 ## - CARRIER TYPE | |
| Source | rdacarrier |
| Carrier type term | volumen |
| Carrier type code | nc |
| 650 #7 - SUBJECT ADDED ENTRY--TOPICAL TERM | |
| Source of heading or term | armarc |
| Topical term or geographic name entry element | Niños |
| General subdivision | Nutrición |
| 650 #7 - SUBJECT ADDED ENTRY--TOPICAL TERM | |
| Source of heading or term | armarc |
| Topical term or geographic name entry element | Inteligencia |
| General subdivision | Aspectos nutricionales |
| 650 #7 - SUBJECT ADDED ENTRY--TOPICAL TERM | |
| Source of heading or term | armarc |
| Topical term or geographic name entry element | Neuropsiología pediátrica |
| 650 #7 - SUBJECT ADDED ENTRY--TOPICAL TERM | |
| Source of heading or term | armarc |
| Topical term or geographic name entry element | Agentes nootrópicos |
| 700 1# - ADDED ENTRY--PERSONAL NAME | |
| Personal name | Colson, Deborah, |
| Relator term | autor |
| 700 1# - ADDED ENTRY--PERSONAL NAME | |
| Personal name | Navarro, Francesc, |
| Relator term | traductor |
| 765 08 - ORIGINAL LANGUAGE ENTRY | |
| Main entry heading | Holford, Patrick, 1958- |
| Edition | Gran Britain : Piatkus Books, ©2006 |
| Title | Optimum nutrition for your child's mind. |
| 942 ## - ADDED ENTRY ELEMENTS (KOHA) | |
| Source of classification or shelving scheme | Dewey Decimal Classification |
| Koha item type | Libro |
| Classification part | 618.92 |
| Item part | H722 |
| Withdrawn status | Lost status | Source of classification or shelving scheme | Damaged status | Not for loan | Collection code | Home library | Current library | Shelving location | Date acquired | Source of acquisition | Total Checkouts | Full call number | Barcode | Date last seen | Price effective from | Koha item type |
|---|---|---|---|---|---|---|---|---|---|---|---|---|---|---|---|---|
| Dewey Decimal Classification | General | Biblioteca Karol Wojtyla | Biblioteca Karol Wojtyla | Sala general | 03/12/2013 | Compra | 618.92 H722 2008 | 61501 | 05/01/2026 | 03/12/2013 | Libro |